Khuôn mặt người khác

Guardado en:
Detalles Bibliográficos
Autor principal: Abê, Kôbô
Formato: Libro
Lenguaje:Undetermined
Publicado: Hà Nội Hội nhà văn 2001
Materias:
Etiquetas: Agregar Etiqueta
Sin Etiquetas, Sea el primero en etiquetar este registro!
Thư viện lưu trữ: Trung tâm Học liệu Trường Đại học Cần Thơ
LEADER 00559nam a2200193Ia 4500
001 CTU_181109
008 210402s9999 xx 000 0 und d
020 |c 53000 
082 |a 891.73 
082 |b A138 
100 |a Abê, Kôbô 
245 0 |a Khuôn mặt người khác 
245 0 |c Kôbô Abê ; Phạm Mạnh Hùng dịch 
260 |a Hà Nội 
260 |b Hội nhà văn 
260 |c 2001 
650 |a Russian fiction,Tiểu thuyết Nga 
904 |i Hải 
980 |a Trung tâm Học liệu Trường Đại học Cần Thơ